000 00284nam a22001337a 4500
008 171201b xxu||||| |||| 00| 0 eng d
020 _a9780767908160
041 _aeng
080 _a51
100 _a38
101 _aMAT
245 _aTHE GOLDEN RATIO
_cLIVIO, M
942 _2udc
_cBK
999 _c38691
_d38691